000
00219nam a22000857a 4500
008
161104b xxu||||| |||| 00| 0 eng d
100
_9
1042
_a
Singh k etal
245
_a
CCE Social Science VII
260
_a
New Delhi
_b
Frank
_c
2012
999
_c
3697
_d
3697